• 首页
  • 本馆介绍
  • 公告通知
  • 最新文献
  • 馆藏检索
  • 电子资源
  • 读者导购
  • 参考咨询
  • 我的图书馆
  • 登录
  • 详细信息显示
  • 放入我的书架
  • 预约/预借图书
  • 作者相关作品
  • 分类相关作品
  • 丛书相关作品
  • 出版社相关作品

书目信息

  • 表格格式
  • 工作单格式
  • 卡片格式
题名:
机器学习与应用
    
 
作者: 雷明 编著
分册:  
出版信息: 北京   清华大学出版社  2019
页数: 17, 185页, [12]页图版
开本: 26cm
丛书名:
单 册:
中图分类: TP181
科图分类:
主题词: 机器学习--ji qi xue xi--高等学校--教材
电子资源:
ISBN: 978-7-302-51468-8
000 01054nam0 2200253 450
001 1961274315
005 20190305151102.8
010    @a978-7-302-51468-8@dCNY 138.00
099    @aCAL 012019019964
100    @a20190220d2019 ekmy0chiy50 ea
101 0  @achi
102    @aCN@b110000
105    @aa z 000yy
200 1  @a机器学习与应用@f雷明著
210    @a北京@c清华大学出版社@d2019
215    @a17, 185页, [12]页图版@c图@d26cm
320    @a有书目
330    @a《机器学习与应用》理论推导与证明详细、深入,结构清晰,详细地调述主要算法的工程实现细节,配以著名开源库的源代码分析(包括libsvm 、liblinear 、OpenCV、Caffe等开源库),让读者不仅知其然,还知其所以然, 真正理解算法、学会使用算法。对于计算机、人工智能及相关专业的本科生和研究生,这是一本适合人门与系统学习的教材,对于从事人工智能和机器学习产品研发的工程技术人员,本书也具有很强的参考价值。
606 0  @a机器学习@Aji qi xue xi@x高等学校@j教材
690    @aTP181@v5
701  0 @a雷明@4编著
801  0 @aCN@bF44010@c20190220
801  2 @aCN@b044005@c20190305
905    @aBZT@dTP181@e14
    
    机器学习与应用/雷明著.-北京:清华大学出版社,2019
    17, 185页, [12]页图版:图;26cm
    
    
    ISBN 978-7-302-51468-8:CNY 138.00
    《机器学习与应用》理论推导与证明详细、深入,结构清晰,详细地调述主要算法的工程实现细节,配以著名开源库的源代码分析(包括libsvm 、liblinear 、OpenCV、Caffe等开源库),让读者不仅知其然,还知其所以然, 真正理解算法、学会使用算法。对于计算机、人工智能及相关专业的本科生和研究生,这是一本适合人门与系统学习的教材,对于从事人工智能和机器学习产品研发的工程技术人员,本书也具有很强的参考价值。
●
相关链接 在五车中查询图书 在当当中查询图书 在豆瓣中查询图书


正题名:机器学习与应用     索取号:TP181/14         预约/预借

序号 登录号 条形码 馆藏地/架位号 状态 备注
1 869428   2000869428   第二书库/ [索取号:TP181/14] 在馆    
2 869429   2000869429   第二书库/ [索取号:TP181/14] 已借出,限还日期为2023.06.05
借出人:荆晓玲  
 
3 869430   2000869430   第二书库/ [索取号:TP181/14] 在馆    
山东省滨州职业学院图书馆 欢迎您!
大连网信软件有限公司© 版权所有